Improvised equipment for the physically handicapped, (Record no. 90504)

MARC details
000 -LEADER
fixed length control field 00936cam a22002291 4500
001 - CONTROL NUMBER
control field sg 44000306
003 - CONTROL NUMBER IDENTIFIER
control field DLC
005 - DATE AND TIME OF LATEST TRANSACTION
control field 20260227112744.0
008 - FIXED-LENGTH DATA ELEMENTS--GENERAL INFORMATION
fixed length control field 790726s1944 nyua 000 0 eng c
010 ## - LIBRARY OF CONGRESS CONTROL NUMBER
LC control number sg 44000306
035 ## - SYSTEM CONTROL NUMBER
System control number (OCoLC)5213548
040 ## - CATALOGING SOURCE
Original cataloging agency U. S. Surg.-Gen. Off. Libr.
Transcribing agency WU-M
Modifying agency WU-M
-- OCoLC
-- DLC
042 ## - AUTHENTICATION CODE
Authentication code premarc
050 00 - LIBRARY OF CONGRESS CALL NUMBER
Classification number RD755
Item number .A7
082 ## - DEWEY DECIMAL CLASSIFICATION NUMBER
Classification number 617.92
100 1# - MAIN ENTRY--PERSONAL NAME
Personal name Arey, Margaret S.
245 10 - TITLE STATEMENT
Title Improvised equipment for the physically handicapped,
Statement of responsibility, etc. by Margaret S. Arey ...
260 ## - PUBLICATION, DISTRIBUTION, ETC.
Place of publication, distribution, etc. [New York]
Name of publisher, distributor, etc. Joint Orthopedic Nursing Advisory Service of the National Organization for Public Health Nursing and the National League of Nursing Education,
Date of publication, distribution, etc. 1944.
300 ## - PHYSICAL DESCRIPTION
Extent 62 p., 1 l.
Other physical details illus., diagrs.
Dimensions 21 cm.
650 #0 - SUBJECT ADDED ENTRY--TOPICAL TERM
Topical term or geographic name entry element Orthopedic apparatus.
710 2# - ADDED ENTRY--CORPORATE NAME
Corporate name or jurisdiction name as entry element Joint Orthopedic Nursing Advisory Service of the National Organization for Public Health Nursing and the National League of Nursing Education.

No items available.

Powered by Koha